2004 Songs - Statistics

General Stats
  • This quiz has been taken 33 times
  • The average score is 14 of 30
Answer Stats
Single Band / Singer % Correct
Toxic Britney Spears
97%
She Will Be Loved Maroon 5
90%
American Idiot Green Day
79%
Yeah! Usher
72%
99 Problems Jay-Z
66%
Drop It Like It's Hot Snoop Dogg
66%
Mr. Brightside The Killers
62%
Let's Get It Started Black Eyed Peas
59%
Breakaway Kelly Clarkson
59%
My Immortal Evanescence
55%
God is a DJ P!nk
55%
Naughty Girl Beyoncé
52%
My Happy Ending Avril Lavigne
48%
Just Lose It Eminem
48%
Take Me Out Franz Ferdinand
48%
Lose My Breath Destiny's Child
45%
1,2 Step Ciara
41%
Somewhere Only We Know Keane
41%
If I Ain't Got You Alicia Keys
38%
I Miss You Blink 182
38%
Vertigo U2
38%
Gasolina Daddy Yankee
34%
The Reason Hoobastank
31%
Breaking the Habit Linkin Park
28%
I'm Not Okay (I Promise) My Chemical Romance
28%
Welcome to My Life Simple Plan
28%
Pieces of Me Ashlee Simpson
24%
My Place Nelly
24%
Reptilia The Strokes
21%
Duality Slipknot
17%
No matching quizzes found
Score Distribution
Percent of People with Each Score
Percentile by Number Answered
Your Score History
You have not taken this quiz